Practice And Progress an Integrated Course for Pre-Intermediate Students (Record no. 8000)
[ view plain ]
| 000 -LEADER | |
|---|---|
| fixed length control field | 00286nam a2200109Ia 4500 |
| 020 ## - INTERNATIONAL STANDARD BOOK NUMBER | |
| ISBN | 0-582-52330-3 |
| 100 ## - MAIN ENTRY--AUTHOR NAME | |
| Personal name | L.G. Alexander |
| 245 #0 - TITLE STATEMENT | |
| Title | Practice And Progress an Integrated Course for Pre-Intermediate Students |
| 260 ## - PUBLICATION, DISTRIBUTION, ETC. (IMPRINT) | |
| Place of publication | England |
| Name of publisher | McGraw Hill |
| Year of publication | 1984 |
| 300 ## - PHYSICAL DESCRIPTION | |
| Number of Pages | 235 |
| 942 ## - ADDED ENTRY ELEMENTS (KOHA) | |
| Koha item type | Books |
| Withdrawn status | Lost status | Collection code | Permanent Location | Current Location | Shelving location | Date acquired | Full call number | Accession Number | Koha item type |
|---|---|---|---|---|---|---|---|---|---|
| | | English Literature | MAJU | MAJU | Shelf No.A14 | 2019-09-13 | 005.1 | 2332 | English Literature |